Figure Out the Lyrics: 2010 Quiz Stats

 Plays Quiz not verified by Sporcle

Score 0/275 Timer 10:00
0 Plays Today
Lyrics % Correct
{Verse 1}
100%
{Chorus}
100%
{Verse 2}
100%
{Chorus}
100%
{Chorus x2}
100%
I
94.7%
I
94.7%
I
94.7%
I
94.7%
I
94.7%
I
94.7%
I
94.7%
I
94.7%
a
93.7%
a
93.7%
a
93.7%
a
93.7%
a
93.7%
you
89.2%
you
89.2%
you
89.2%
you
89.2%
you
89.2%
you
89.2%
you
89.2%
the
87.9%
the
87.9%
the
87.9%
the
87.9%
the
87.9%
the
87.9%
the
87.9%
the
87.9%
the
87.9%
love
79.7%
love
79.7%
love
79.7%
and
79.4%
and
79.4%
And
79.4%
and
79.4%
we
77.2%
we
77.2%
we
77.2%
we
77.2%
me
76.8%
me
76.8%
to
74.8%
to
74.8%
to
74.8%
to
74.8%
T.O.
74.8%
it,
74.7%
it
74.7%
in
72.4%
in
72.4%
in
72.4%
in
72.4%
in
72.4%
in
72.4%
your
70.3%
your
70.3%
your
70.3%
doo
69.9%
is
69.4%
is
69.4%
on
66.5%
on
66.5%
on
66.5%
No
63.9%
no
63.9%
no
63.9%
no
63.9%
no
63.9%
my
62.6%
my
62.6%
My
62.6%
So
61.9%
So
61.9%
like
61.3%
of
61.3%
like
61.3%
of
61.3%
like
61.3%
like
61.3%
like
61.3%
when
60.4%
it's
56.1%
it's
56.1%
I'm
52.6%
that
52.4%
us
52.1%
Lyrics % Correct
us
52.1%
us
52.1%
her
48.9%
her
48.9%
She
48.6%
how
47.2%
this
47%
just
46.7%
just
46.7%
just
46.7%
life,
46.2%
life
46.2%
life,
46.2%
life
46.2%
life
46.2%
up,
45.5%
got
45.5%
up
45.5%
got
45.5%
got
45.5%
got
45.5%
up,
45.5%
up
45.5%
got
45.5%
got
45.5%
Gonna
44.8%
Gonna
44.8%
Gonna
44.8%
don't
44.4%
see
44.4%
night
43.7%
get
43.5%
Get
43.5%
with
42.6%
all
42.5%
baby
41.8%
baby
41.8%
baby
41.8%
baby,
41.8%
baby
41.8%
now,
40.6%
now,
40.6%
now,
40.6%
now,
40.6%
now,
40.6%
now
40.6%
as
38.7%
from
38.6%
but
38.2%
but
38.2%
'Cause
37.9%
'Cause
37.9%
dance,
37.7%
dance
37.7%
our
37.2%
our
37.2%
Hear
36.4%
down,
34.3%
down,
34.3%
down,
34.3%
down,
34.3%
down,
34.3%
down
34.3%
fallin'
34.1%
fallin'
34.1%
feel
33.2%
last,
33.2%
last
33.2%
again
32.9%
again
32.9%
again
32.9%
tonight,
32.6%
tonight,
32.6%
right
32.6%
tonight,
32.6%
right
32.6%
tonight
32.6%
fallin'
32%
club
31.1%
DJ
30.2%
DJ
30.2%
DJ
30.2%
Yeah
29.4%
think
29.2%
Think
29.2%
or
28.8%
or
28.8%
back
28.4%
back
28.4%
back
28.4%
make
28.4%
won't
27%
Lyrics % Correct
those
23.2%
those
23.2%
Hands
23.1%
hands
23.1%
Hands
23.1%
hands
23.1%
hands
23.1%
put
22.6%
Put
22.6%
body
22.5%
eyes,
22.5%
eyes,
22.5%
eyes,
22.5%
eyes
22.5%
body
22.5%
eyes,
22.5%
eyes,
22.5%
eyes,
22.5%
eyes
22.5%
seen
22.3%
seen
22.3%
before?
20.3%
music
20.3%
before
20.3%
done
18.7%
side
17.5%
side,
17.5%
side
17.5%
side
17.5%
knew
17.5%
That's
16.9%
there's
16.3%
there's
16.3%
gone
16%
rock
15.7%
remember
15.5%
remember
15.5%
fire
15%
fire,
15%
Keep
14.8%
zombie
12.6%
Ain't
12.6%
tomorrow,
12.6%
evil
12.6%
evil
12.6%
evil
12.6%
rockin'
12.4%
Bada
12.3%
bada
12.3%
bodies
12.1%
Thank
12.1%
god
12.1%
week
12.1%
speak
12.1%
control
11.5%
roll
11.5%
lie
11.4%
set
11.1%
burn
11.1%
stops
10.6%
roof
9%
suddenly
8.9%
drinks
8.3%
both
8.3%
movie,
8.1%
Swear
8%
hot
7.9%
room
7.7%
motherf*cker
7.6%
hope
7.5%
boom
7.2%
bed
6.8%
Mr.
6.3%
bing,
6.1%
Usher,
5.2%
step
5.2%
Worldwide
4.9%
catch
4.8%
Tivo
4.8%
red
4.8%
hustler,
4.6%
headlock
3.6%
psh,
3.2%
Yabba
3.1%
dabba
3.1%
Mami
2.7%
wrestle
2.5%
Honey
2.3%
dreadlock
2.3%
drowning
2.2%
swishin'
1.4%

You're not logged in!

Compare scores with friends on all Sporcle quizzes.
OR
Log In

Sporcle TV

Today on Sporcle TV


Watch our educational content, quiz creation guides, and fun videos on Sporcle TV.

Show Comments

Extras

Top Quizzes Today


Score Distribution

Your Account Isn't Verified!

In order to create a playlist on Sporcle, you need to verify the email address you used during registration. Go to your Sporcle Settings to finish the process.

Report this User

Report this user for behavior that violates our Community Guidelines.

Details: